[Event "South Moravia Region-chT 2223"]
[Site "Czech Republic"]
[Date "2023.04.02"]
[Round "11.4"]
[White "Svobodova, Michaela"]
[Black "Zavadil, Michal"]
[Result "0-1"]
[WhiteElo "1950"]
[BlackElo "1977"]
[PlyCount "92"]
[EventDate "2022.10.09"]
[EventType "team-tourn"]
[EventRounds "11"]
[EventCountry "CZE"]
[SourceTitle "EXT 2024"]
[Source "ChessBase"]
[SourceDate "2023.10.10"]
[SourceVersion "1"]
[SourceVersionDate "2023.10.10"]
[SourceQuality "1"]

1. e4 e6 2. d4 d5 3. exd5 exd5 4. Nf3 Bd6 5. Bd3 Ne7 6. 0-0 0-0 7. Re1 Bf5 8. Bg5 f6 9. Bh4 Qd7 10. Bg3 Bxd3 11. Qxd3 Bxg3 12. hxg3 Na6 13. c3 c6 14. Nbd2 Nf5 15. b4 Nc7 16. Nb3 b6 17. a4 Nd6 18. a5 b5 19. Nc5 Qf7 20. Nh4 Rfe8 21. Nf5 Nxf5 22. Qxf5 Re7 23. Rxe7 Qxe7 24. Qd7 Qxd7 25. Nxd7 Re8 26. Kf1 Kf7 27. Re1 Rxe1+ 28. Kxe1 Na6 29. Ke2 Ke6 30. Nc5+ Nxc5 31. dxc5 h5 32. Ke3 Ke5 33. f3 g5 34. Kd3 h4 35. gxh4 gxh4 36. Ke3 Kf5 37. Ke2 Kf4 38. Kf2 a6 39. Ke2 Kg3 40. Kf1 f5 41. Kg1 f4 42. Kf1 h3 43. gxh3 Kxh3 44. Kf2 Kh2 45. Kf1 Kg3 46. Ke2 Kg2 0-1

[Event "Stare Mesto op"]
[Site "Stare Mesto"]
[Date "2016.08.10"]
[Round "7"]
[White "Vrana, Frantisek"]
[Black "Zavadil, Michal"]
[Result "1-0"]
[WhiteElo "2200"]
[BlackElo "1963"]
[PlyCount "65"]
[EventDate "2016.08.05"]
[EventType "swiss"]
[EventRounds "10"]
[EventCountry "CZE"]
[SourceTitle "CBM 173 Extra"]
[Source "ChessBase"]
[SourceDate "2016.08.29"]
[SourceVersion "1"]
[SourceVersionDate "2016.08.29"]
[SourceQuality "1"]

1. e4 b6 2. d4 Bb7 3. Bd3 Nf6 4. Qe2 Nc6 5. c3 e5 6. Nf3 d6 7. 0-0 Nd7 8. Rd1 Be7 9. a4 0-0 10. d5 Ncb8 11. a5 bxa5 12. Rxa5 Nc5 13. Bc4 Ncd7 14. b4 c6 15. Qa2 cxd5 16. exd5 a6 17. Bf1 Qc8 18. c4 Bd8 19. Ra3 a5 20. bxa5 Na6 21. Bd2 Ndc5 22. Nc3 Nb4 23. Qb1 Nba6 24. Nb5 Qd7 25. Ng5 f5 26. Rh3 h6 27. Ne6 Nxe6 28. dxe6 Qxe6 29. Nxd6 Qxd6 30. Qxb7 Bxa5 31. Bxh6 Qc7 32. Qd5+ Qf7 33. Qxa5 1-0

[Event "Stare Mesto op"]
[Site "Stare Mesto"]
[Date "2016.08.08"]
[Round "5"]
[White "Zavadil, Michal"]
[Black "Jurasek, Miroslav"]
[Result "1-0"]
[WhiteElo "1963"]
[BlackElo "2320"]
[PlyCount "107"]
[EventDate "2016.08.05"]
[EventType "swiss"]
[EventRounds "10"]
[EventCountry "CZE"]
[SourceTitle "CBM 173 Extra"]
[Source "ChessBase"]
[SourceDate "2016.08.29"]
[SourceVersion "1"]
[SourceVersionDate "2016.08.29"]
[SourceQuality "1"]

1. d4 Nf6 2. Nf3 e6 3. e3 c5 4. Bd3 Be7 5. 0-0 0-0 6. b3 b6 7. Bb2 Bb7 8. c4 cxd4 9. exd4 d6 10. Qe2 Nbd7 11. Nbd2 Rc8 12. Rfd1 Re8 13. Rac1 Bf8 14. Nf1 Qc7 15. Ng3 Qb8 16. Re1 Qa8 17. Ne4 Nxe4 18. Bxe4 Bxe4 19. Qxe4 Qxe4 20. Rxe4 d5 21. Ree1 dxc4 22. bxc4 f6 23. g3 Kf7 24. h4 Rc7 25. Re2 Rec8 26. Rec2 h5 27. Ne1 Nb8 28. Nd3 g6 29. f4 Rd7 30. c5 b5 31. a4 bxa4 32. Ra1 Nc6 33. Rxa4 Be7 34. Kf2 Rb8 35. Re2 Rb3 36. Nc1 Rb4 37. Rxb4 Nxb4 38. Bc3 Nc6 39. Ke3 Rb7 40. Ra2 Ke8 41. Kd3 Bd8 42. Kc4 Ne7 43. Ra6 Kd7 44. Rd6+ Kc8 45. Rxe6 Nf5 46. d5 Re7 47. Rxe7 Bxe7 48. d6 Bd8 49. Ne2 Kd7 50. Kb5 a6+ 51. Kxa6 Nxd6 52. cxd6 Kxd6 53. Kb7 Ke6 54. Nd4+ 1-0

[Event "Brno Duras op"]
[Site "Brno"]
[Date "2015.06.30"]
[Round "4"]
[White "Eichler, Bretislav"]
[Black "Zavadil, Michal"]
[Result "0-1"]
[WhiteElo "1716"]
[BlackElo "2018"]
[PlyCount "44"]
[EventDate "2015.06.27"]
[EventType "swiss"]
[EventRounds "9"]
[EventCountry "CZE"]
[SourceTitle "CBM 167 Extra"]
[Source "ChessBase"]
[SourceDate "2015.09.14"]
[SourceVersion "1"]
[SourceVersionDate "2015.09.14"]
[SourceQuality "1"]

1. d4 d5 2. Nf3 Nf6 3. Bf4 c5 4. e3 Qb6 5. Qc1 Nc6 6. c3 Bf5 7. h3 e6 8. Nbd2 cxd4 9. exd4 Rc8 10. Be3 Nb4 11. Nh4 Nc2+ 12. Kd1 Nxa1 13. Qxa1 Bg6 14. Nxg6 hxg6 15. Bd3 Bd6 16. Ke2 Nh5 17. Kf3 f5 18. Nb3 Nf6 19. Qf1 Ne4 20. h4 a6 21. c4 dxc4 22. Bxc4 Qc6 0-1

[Event "Frydek Mistek op"]
[Site "Frydek Mistek"]
[Date "2015.04.04"]
[Round "6"]
[White "Polok, Kacper"]
[Black "Zavadil, Michal"]
[Result "1/2-1/2"]
[WhiteElo "2229"]
[BlackElo "2056"]
[PlyCount "58"]
[EventDate "2015.04.02"]
[EventType "swiss"]
[EventRounds "9"]
[EventCountry "CZE"]
[SourceTitle "CBM 165 Extra"]
[Source "ChessBase"]
[SourceDate "2015.04.21"]
[SourceVersion "1"]
[SourceVersionDate "2015.04.21"]
[SourceQuality "1"]

1. e4 b6 2. d4 Bb7 3. Bd3 Nf6 4. Qe2 e6 5. Nf3 d5 6. e5 Ne4 7. Nbd2 Nxd2 8. Bxd2 c5 9. c3 Be7 10. h4 Qc8 11. Rh3 Ba6 12. Rg3 g6 13. h5 Bxd3 14. Qxd3 Qa6 15. Ke2 Qxd3+ 16. Kxd3 Na6 17. Rh1 Kd7 18. Rgh3 g5 19. Bxg5 cxd4 20. Bxe7 Kxe7 21. cxd4 Nb4+ 22. Kc3 a5 23. a3 Rhc8+ 24. Kd2 Rc2+ 25. Kd1 Rxb2 26. axb4 axb4 27. Kc1 Rxf2 28. Nd2 Ra2 29. Rd1 Ra1+ 1/2-1/2

[Event "Kouty nad Desnou op-A"]
[Site "Kouty nad Desnou"]
[Date "2015.03.13"]
[Round "8"]
[White "Zavadil, Michal"]
[Black "Suchomelova, Simona"]
[Result "1/2-1/2"]
[WhiteElo "2056"]
[BlackElo "1959"]
[PlyCount "45"]
[EventDate "2015.03.07"]
[EventType "swiss"]
[EventRounds "9"]
[EventCountry "CZE"]
[SourceTitle "EXT 2017"]
[Source "ChessBase"]
[SourceDate "2016.10.25"]
[SourceVersion "1"]
[SourceVersionDate "2016.10.25"]
[SourceQuality "1"]

1. d4 Nf6 2. Nf3 g6 3. Bg5 Bg7 4. c3 0-0 5. Nbd2 d5 6. e3 b6 7. b4 Bb7 8. Be2 Nbd7 9. 0-0 c5 10. b5 Re8 11. Bf4 a5 12. bxa6 Bxa6 13. a4 Bxe2 14. Qxe2 c4 15. Rfb1 Ra5 16. e4 dxe4 17. Nxe4 Nxe4 18. Qxe4 Qa8 19. Qc2 Qa7 20. Rb4 b5 21. Rab1 Rxa4 22. Rxb5 Ra2 23. R5b2 1/2-1/2

[Event "Kouty nad Desnou op-A"]
[Site "Kouty nad Desnou"]
[Date "2015.03.12"]
[Round "7"]
[White "Fuskova, Martina"]
[Black "Zavadil, Michal"]
[Result "1/2-1/2"]
[WhiteElo "2128"]
[BlackElo "2056"]
[PlyCount "39"]
[EventDate "2015.03.07"]
[EventType "swiss"]
[EventRounds "9"]
[EventCountry "CZE"]
[SourceTitle "EXT 2017"]
[Source "ChessBase"]
[SourceDate "2016.10.25"]
[SourceVersion "1"]
[SourceVersionDate "2016.10.25"]
[SourceQuality "1"]

1. e4 b6 2. d4 Bb7 3. Nc3 Nf6 4. Bd3 e6 5. Nf3 d5 6. Qe2 Bb4 7. exd5 Nxd5 8. Bd2 Nxc3 9. bxc3 Be7 10. 0-0 0-0 11. Bf4 Nd7 12. Ne5 Nf6 13. Bg3 c5 14. Rad1 Qd5 15. f3 cxd4 16. Bc4 Qd8 17. cxd4 Nd5 18. Qd3 Rc8 19. Bxd5 Qxd5 20. c4 1/2-1/2

[Event "Kouty nad Desnou op-A"]
[Site "Kouty nad Desnou"]
[Date "2015.03.11"]
[Round "6"]
[White "Zavadil, Michal"]
[Black "Tobiskova, Petra"]
[Result "1-0"]
[WhiteElo "2056"]
[BlackElo "1644"]
[PlyCount "97"]
[EventDate "2015.03.07"]
[EventType "swiss"]
[EventRounds "9"]
[EventCountry "CZE"]
[SourceTitle "EXT 2017"]
[Source "ChessBase"]
[SourceDate "2016.10.25"]
[SourceVersion "1"]
[SourceVersionDate "2016.10.25"]
[SourceQuality "1"]

1. d4 Nf6 2. c4 e6 3. Nc3 d5 4. cxd5 exd5 5. Bg5 Be7 6. e3 Bf5 7. Qb3 Nbd7 8. Nxd5 Nxd5 9. Qxd5 Bb4+ 10. Kd1 Qxg5 11. Qxb7 Nb6 12. Nf3 Qe7 13. Bb5+ Bd7 14. Bd3 0-0 15. Ne5 Bd6 16. Nxd7 Qxd7 17. h4 Rfb8 18. Qe4 g6 19. h5 Bf8 20. hxg6 fxg6 21. Qh4 Re8 22. Bxg6 Re7 23. Bc2 c5 24. Qg5+ Kf7 25. Rxh7+ Ke8 26. Rh8 Qd6 27. Qxc5 Qxc5 28. dxc5 Rd8+ 29. Kc1 Nc4 30. Ba4+ Kf7 31. Bb3 Kg7 32. Rh5 Ne5 33. Kc2 Kg6 34. Rah1 Rc8 35. f4 Rxc5+ 36. Kb1 Nd7 37. Bc2+ Kf7 38. e4 Rxh5 39. Rxh5 Nb6 40. Rf5+ Kg7 41. b3 Rd7 42. a4 Rd2 43. a5 Nd7 44. Rg5+ Kf6 45. e5+ Ke7 46. Rg6 Nc5 47. f5 Rf2 48. g4 Nd7 49. Rc6 1-0

[Event "Stare Mesto op"]
[Site "Stare Mesto"]
[Date "2014.08.11"]
[Round "5"]
[White "Zavadil, Michal"]
[Black "Vrabec, Milos"]
[Result "0-1"]
[WhiteElo "2066"]
[BlackElo "2181"]
[PlyCount "86"]
[EventDate "2014.08.08"]
[EventType "swiss"]
[EventRounds "10"]
[EventCountry "CZE"]
[SourceTitle "CBM 162 Extra"]
[Source "ChessBase"]
[SourceDate "2014.10.17"]
[SourceVersion "1"]
[SourceVersionDate "2014.10.17"]
[SourceQuality "1"]

1. e4 c5 2. Nc3 Nc6 3. Bb5 e6 4. Bxc6 bxc6 5. f4 d5 6. e5 c4 7. d4 cxd3 8. cxd3 Nh6 9. Nf3 Qb6 10. Qb3 Ba6 11. Qxb6 axb6 12. Ke2 Be7 13. Bd2 Kd7 14. a4 Rhb8 15. Rhc1 f6 16. Nd1 c5 17. Nc3 Nf7 18. Nb5 Nd8 19. g4 Nc6 20. h3 Bxb5 21. axb5 Na7 22. f5 Nxb5 23. Bf4 Rxa1 24. Rxa1 Re8 25. fxe6+ Kxe6 26. Ra6 Bd8 27. Kd2 Bc7 28. Bg3 fxe5 29. Ng5+ Kf6 30. Nf3 h6 31. b4 Re6 32. bxc5 bxc5 33. Ra8 Nd4 34. Nxd4 cxd4 35. Rg8 Bd6 36. Bh4+ Kf7 37. Rd8 e4 38. g5 Bf4+ 39. Kd1 hxg5 40. dxe4 gxh4 41. Rxd5 Rxe4 42. Ra5 Be3 43. Ra6 Re6 0-1

[Event "Brno Duras op-A"]
[Site "Brno"]
[Date "2014.07.02"]
[Round "5"]
[White "Zavadil, Michal"]
[Black "Dvorak, Adam"]
[Result "1/2-1/2"]
[WhiteElo "2056"]
[BlackElo "2157"]
[PlyCount "31"]
[EventDate "2014.06.28"]
[EventType "swiss"]
[EventRounds "9"]
[EventCountry "CZE"]
[SourceTitle "CBM 161 Extra"]
[Source "ChessBase"]
[SourceDate "2014.08.29"]
[SourceVersion "1"]
[SourceVersionDate "2014.08.29"]
[SourceQuality "1"]

1. e4 c5 2. Nf3 e6 3. c3 Nf6 4. e5 Nd5 5. d4 cxd4 6. cxd4 Nc6 7. a3 d6 8. Bd3 dxe5 9. dxe5 Be7 10. 0-0 0-0 11. Qe2 Qc7 12. b4 f5 13. exf6 Bxf6 14. Ra2 Nf4 15. Bxf4 Qxf4 16. Qe4 1/2-1/2

[Event "Brno Duras op-A"]
[Site "Brno"]
[Date "2014.06.29"]
[Round "2"]
[White "Kraus, Tomas"]
[Black "Zavadil, Michal"]
[Result "1-0"]
[WhiteElo "2388"]
[BlackElo "2056"]
[PlyCount "71"]
[EventDate "2014.06.28"]
[EventType "swiss"]
[EventRounds "9"]
[EventCountry "CZE"]
[SourceTitle "CBM 161 Extra"]
[Source "ChessBase"]
[SourceDate "2014.08.29"]
[SourceVersion "1"]
[SourceVersionDate "2014.08.29"]
[SourceQuality "1"]

1. Nf3 f5 2. d4 Nf6 3. g3 e6 4. Bg2 Be7 5. c4 0-0 6. 0-0 d6 7. Nc3 Ne4 8. Bd2 a5 9. Qc2 Nxc3 10. Bxc3 Bf6 11. e4 fxe4 12. Qxe4 d5 13. Qe2 Nc6 14. Bh3 Qe8 15. Rae1 Qf7 16. a4 Bd7 17. b3 Rae8 18. Bg4 h5 19. Bh3 g5 20. Ne5 Bxe5 21. dxe5 dxc4 22. Qxc4 Ne7 23. Bxa5 Nd5 24. Qc1 g4 25. Bg2 Qg7 26. Be4 Rf5 27. Bxf5 exf5 28. Qc4 Be6 29. Qc1 Bd7 30. f3 f4 31. fxg4 fxg3 32. hxg3 Qxg4 33. Rf2 Bc6 34. Qc4 Qxg3+ 35. Rg2 Qxg2+ 36. Kxg2 1-0

[Event "Kouty nad Desnou op-F"]
[Site "Kouty nad Desnou"]
[Date "2013.03.16"]
[Round "9"]
[White "Zavadil, Michal"]
[Black "Balin, Kamil"]
[Result "0-1"]
[WhiteElo "2078"]
[BlackElo "2054"]
[PlyCount "83"]
[EventDate "2013.03.09"]
[EventType "swiss"]
[EventRounds "9"]
[EventCountry "CZE"]
[SourceTitle "EXT 2015"]
[Source "ChessBase"]
[SourceDate "2014.11.20"]
[SourceVersion "1"]
[SourceVersionDate "2014.11.20"]
[SourceQuality "1"]

1. d4 d5 2. Nf3 Nf6 3. e3 Bg4 4. c4 e6 5. Qb3 Qc8 6. Nc3 c6 7. Bd2 Nbd7 8. Rc1 Bxf3 9. gxf3 Be7 10. cxd5 exd5 11. Na4 Nb6 12. Nc5 0-0 13. Bd3 Re8 14. Rg1 Nh5 15. a4 Rb8 16. a5 Nd7 17. Bf5 Nxc5 18. Qc2 Ne6 19. Bxh7+ Kf8 20. Qf5 Nf6 21. Qh3 Ng5 22. Qg2 Nfxh7 23. h4 Ne6 24. f4 Bf6 25. Bb4+ c5 26. Qxd5 Nxf4 27. Qd6+ Kg8 28. Qxf4 Qd8 29. Rxc5 Qxd4 30. Rc4 Qxf4 31. Rxf4 Rbc8 32. Bc3 Bxc3+ 33. bxc3 Rxc3 34. Ke2 Rc5 35. Rb1 Re7 36. Rd4 Nf6 37. a6 bxa6 38. Rb8+ Kh7 39. Ra4 a5 40. Kf3 Rf5+ 41. Ke2 Ne4 42. Ke1 0-1

[Event "Kouty nad Desnou op-F"]
[Site "Kouty nad Desnou"]
[Date "2013.03.13"]
[Round "6"]
[White "Valenta, Vit"]
[Black "Zavadil, Michal"]
[Result "0-1"]
[WhiteElo "2169"]
[BlackElo "2078"]
[PlyCount "78"]
[EventDate "2013.03.09"]
[EventType "swiss"]
[EventRounds "9"]
[EventCountry "CZE"]
[SourceTitle "EXT 2015"]
[Source "ChessBase"]
[SourceDate "2014.11.20"]
[SourceVersion "1"]
[SourceVersionDate "2014.11.20"]
[SourceQuality "1"]

1. b4 f5 2. Bb2 e6 3. c4 Nf6 4. a3 a5 5. b5 d6 6. Nf3 Be7 7. g3 0-0 8. Bg2 Nbd7 9. 0-0 Qe8 10. d3 Qh5 11. Nbd2 e5 12. e3 g5 13. Ne1 Qg6 14. f4 h6 15. Nef3 Ng4 16. Qe2 e4 17. dxe4 fxe4 18. Nd4 Nc5 19. f5 Qh5 20. Bxe4 Nxe4 21. Nxe4 Bf6 22. Nxf6+ Rxf6 23. e4 Rf7 24. Rae1 Bd7 25. Ne6 Re8 26. Nxc7 Rxe4 27. Qd2 Bxf5 28. Ne8 Rfe7 29. Rxe4 Bxe4 30. Nxd6 Bd3 31. Qg2 Bxf1 32. Qd5+ Kh7 33. Qf5+ Qg6 34. Qxg6+ Kxg6 35. Kxf1 Ne3+ 36. Kg1 Rc7 37. b6 Rc6 38. c5 Rxc5 39. Nxb7 Rf5 0-1

[Event "Brno Duras op-A"]
[Site "Brno"]
[Date "2012.06.26"]
[Round "5"]
[White "Zavadil, Michal"]
[Black "Turza, Pavel"]
[Result "1-0"]
[WhiteElo "2091"]
[BlackElo "1807"]
[PlyCount "65"]
[EventDate "2012.06.23"]
[EventType "tourn"]
[EventRounds "9"]
[EventCountry "CZE"]
[SourceTitle "CBM 149 Extra"]
[Source "ChessBase"]
[SourceDate "2012.08.24"]
[SourceVersion "1"]
[SourceVersionDate "2012.08.24"]
[SourceQuality "1"]

1. d4 Nf6 2. c4 c5 3. e3 g6 4. Nf3 Bg7 5. Be2 a6 6. Nc3 Qc7 7. 0-0 d6 8. h3 0-0 9. Re1 Nbd7 10. Bf1 b6 11. a4 Bb7 12. d5 Rfd8 13. e4 Ne8 14. Be3 Bc8 15. Qd2 Nf8 16. Ra3 Bxc3 17. Qxc3 a5 18. e5 dxe5 19. Nxe5 f6 20. Nc6 Rd7 21. g3 Bb7 22. Bh6 Bxc6 23. dxc6 Rd4 24. Bg2 Ng7 25. Bd5+ e6 26. Bxg7 exd5 27. Bxf6 Rxc4 28. Qf3 Qxc6 29. Re7 Ne6 30. Re3 Re4 31. Rxe4 dxe4 32. Qe3 Rd8 33. Qh6 1-0

[Event "Brno Duras op-A"]
[Site "Brno"]
[Date "2012.06.25"]
[Round "4"]
[White "Haslinger, Ewald"]
[Black "Zavadil, Michal"]
[Result "0-1"]
[WhiteElo "1716"]
[BlackElo "2091"]
[PlyCount "105"]
[EventDate "2012.06.23"]
[EventType "tourn"]
[EventRounds "9"]
[EventCountry "CZE"]
[SourceTitle "CBM 149 Extra"]
[Source "ChessBase"]
[SourceDate "2012.08.24"]
[SourceVersion "1"]
[SourceVersionDate "2012.08.24"]
[SourceQuality "1"]

1. e4 e5 2. f4 d5 3. exd5 c6 4. Nf3 exf4 5. d4 Bd6 6. dxc6 Nxc6 7. Bb5 Nge7 8. 0-0 0-0 9. c3 h6 10. Nbd2 a6 11. Bd3 Bf5 12. Ne4 Bc7 13. Nh4 Bh7 14. Bxf4 Bxf4 15. Rxf4 Nd5 16. Rg4 Ne3 17. Qf3 Nxg4 18. Qxg4 Ne5 19. dxe5 Qxd3 20. Nf6+ Kh8 21. Nd7 Rfd8 22. e6 Qe3+ 23. Kh1 Qxe6 24. Qxe6 fxe6 25. Nc5 Rd2 26. b3 Rad8 27. Nf3 e5 28. Nxd2 Rxd2 29. Kg1 b6 30. Na4 Be4 31. Re1 Rxg2+ 32. Kf1 Rg4 33. Nxb6 Bd3+ 34. Kf2 e4 35. a3 g5 36. b4 Kg7 37. Nd5 Kf7 38. Ne3 Rf4+ 39. Kg3 Ke6 40. Ng4 h5 41. Nf2 Rf3+ 42. Kg2 Ke5 43. Nd1 Kf4 44. Nf2 g4 45. c4 Re3 46. Rc1 Re2 47. Kg1 Kf3 48. Rf1 Ke3 49. c5 Rc2 50. Re1+ Kf3 51. Nxd3 exd3 52. Kf1 d2 53. Rd1 0-1

[Event "Brno Duras op-A"]
[Site "Brno"]
[Date "2012.06.24"]
[Round "3"]
[White "Zavadil, Michal"]
[Black "Hofirek, Benedikt"]
[Result "1/2-1/2"]
[WhiteElo "2091"]
[BlackElo "2041"]
[PlyCount "44"]
[EventDate "2012.06.23"]
[EventType "tourn"]
[EventRounds "9"]
[EventCountry "CZE"]
[SourceTitle "CBM 149 Extra"]
[Source "ChessBase"]
[SourceDate "2012.08.24"]
[SourceVersion "1"]
[SourceVersionDate "2012.08.24"]
[SourceQuality "1"]

1. d4 d5 2. c4 c6 3. Nf3 Nf6 4. Nc3 e6 5. Qd3 b6 6. e4 dxe4 7. Nxe4 Nxe4 8. Qxe4 Bb4+ 9. Bd2 Bxd2+ 10. Nxd2 Bb7 11. Bd3 Nd7 12. 0-0 Nf6 13. Qe3 0-0 14. Rad1 Qc7 15. Qe5 Rac8 16. Ne4 Qxe5 17. dxe5 Nxe4 18. Bxe4 Rfd8 19. b4 Ba6 20. Bd3 Kf8 21. Be2 Ke7 22. f4 c5 1/2-1/2

[Event "Frydek Mistek op"]
[Site "Frydek Mistek"]
[Date "2012.04.09"]
[Round "9"]
[White "Zavadil, Michal"]
[Black "Slampa, Jan"]
[Result "1-0"]
[WhiteElo "2106"]
[BlackElo "1971"]
[PlyCount "47"]
[EventDate "2012.04.05"]
[EventType "swiss"]
[EventRounds "9"]
[EventCountry "CZE"]
[SourceTitle "CBM 147 Extra"]
[Source "ChessBase"]
[SourceDate "2012.04.24"]
[SourceVersion "1"]
[SourceVersionDate "2012.04.24"]
[SourceQuality "1"]

1. d4 d5 2. Nf3 Nf6 3. e3 e6 4. Bd3 Be7 5. Ne5 Nbd7 6. f4 0-0 7. 0-0 a6 8. Nd2 c5 9. b3 Qc7 10. Rf3 b5 11. Rh3 c4 12. Bxh7+ Nxh7 13. Nxd7 Bxd7 14. Qh5 f6 15. Qxh7+ Kf7 16. Qh5+ Kg8 17. bxc4 dxc4 18. Nf3 Bc6 19. Qh7+ Kf7 20. Nh4 Qb7 21. Qg6+ Kg8 22. Nf5 exf5 23. Rh7 Bd6 24. Qh5 1-0

[Event "Frydek Mistek op"]
[Site "Frydek Mistek"]
[Date "2012.04.07"]
[Round "6"]
[White "Jaroch, Pawel"]
[Black "Zavadil, Michal"]
[Result "1-0"]
[WhiteElo "2252"]
[BlackElo "2106"]
[PlyCount "93"]
[EventDate "2012.04.05"]
[EventType "swiss"]
[EventRounds "9"]
[EventCountry "CZE"]
[SourceTitle "CBM 147 Extra"]
[Source "ChessBase"]
[SourceDate "2012.04.24"]
[SourceVersion "1"]
[SourceVersionDate "2012.04.24"]
[SourceQuality "1"]

1. d4 Nf6 2. c4 e6 3. Nf3 d5 4. Nc3 Bb4 5. cxd5 exd5 6. g3 0-0 7. Bg2 Ne4 8. Bd2 Nxd2 9. Qxd2 c6 10. 0-0 Nd7 11. a3 Bxc3 12. Qxc3 Nf6 13. b4 Ne4 14. Qb2 Re8 15. e3 Qf6 16. Ne5 Bf5 17. f3 Nd6 18. e4 Be6 19. Ng4 Qg5 20. e5 Nf5 21. Rfe1 h5 22. Nf2 Bd7 23. Qc3 Re6 24. Nh3 Qd8 25. Nf4 Rh6 26. Bh3 g5 27. Bxf5 gxf4 28. Bxd7 Qxd7 29. Qd2 Rg6 30. Qxf4 Qh3 31. Re2 Kg7 32. Rg2 a5 33. Raa2 Qd7 34. bxa5 Rxa5 35. a4 Qd8 36. Rgb2 Qa8 37. Kg2 b5 38. Qd2 Rxa4 39. f4 Rxa2 40. Rxa2 Qc8 41. Qd3 h4 42. f5 Rg5 43. Rf2 Qa8 44. f6+ Kh6 45. Qe3 hxg3 46. hxg3 Qa4 47. e6 1-0

[Event "Frydek Mistek op"]
[Site "Frydek Mistek"]
[Date "2012.04.06"]
[Round "4"]
[White "Plat, Vojtech"]
[Black "Zavadil, Michal"]
[Result "1-0"]
[WhiteElo "2436"]
[BlackElo "2106"]
[PlyCount "93"]
[EventDate "2012.04.05"]
[EventType "swiss"]
[EventRounds "9"]
[EventCountry "CZE"]
[SourceTitle "CBM 147 Extra"]
[Source "ChessBase"]
[SourceDate "2012.04.24"]
[SourceVersion "1"]
[SourceVersionDate "2012.04.24"]
[SourceQuality "1"]

1. Nf3 f5 2. c4 Nf6 3. Nc3 e6 4. d4 Bb4 5. Bd2 0-0 6. g3 b6 7. Bg2 Bb7 8. 0-0 d6 9. Qb3 Bxc3 10. Bxc3 Qe7 11. Rfe1 Nbd7 12. Rad1 Ne4 13. Nd2 Kh8 14. f3 Nxc3 15. Qxc3 f4 16. Nf1 a5 17. Qd2 e5 18. d5 Rae8 19. e3 fxg3 20. Nxg3 Bc8 21. b3 Qh4 22. Rf1 Nf6 23. Qc2 Nh5 24. Qf2 Nf6 25. Qe1 Qg5 26. h3 Qh6 27. Kh2 Kg8 28. Qd2 Bd7 29. a3 g5 30. f4 exf4 31. exf4 Ng4+ 32. Kg1 Ne3 33. f5 Nxd1 34. Qxd1 Re3 35. Qg4 Qh4 36. Ne4 h5 37. Qxh4 gxh4 38. f6 Bxh3 39. Bxh3 Rxh3 40. Kf2 Rh2+ 41. Ke3 Kf7 42. Ng5+ Kg6 43. Rg1 Kh6 44. Ne4 h3 45. Rg3 Re2+ 46. Kf4 h2 47. Rh3 1-0

[Event "Kouty nad Desnou op-A"]
[Site "Kouty nad Desnou"]
[Date "2012.03.12"]
[Round "4"]
[White "Halla, Jiri"]
[Black "Zavadil, Michal"]
[Result "0-1"]
[WhiteElo "1897"]
[BlackElo "2106"]
[PlyCount "60"]
[EventDate "2012.03.10"]
[EventType "swiss"]
[EventRounds "9"]
[EventCountry "CZE"]
[SourceTitle "EXT 2013"]
[Source "ChessBase"]
[SourceDate "2012.11.22"]
[SourceVersion "1"]
[SourceVersionDate "2012.11.22"]
[SourceQuality "1"]

1. b3 b6 2. f4 Bb7 3. Nf3 Nf6 4. Bb2 Bxf3 5. exf3 e6 6. g3 c5 7. Qe2 Nc6 8. Bg2 Be7 9. 0-0 0-0 10. Re1 Rc8 11. Na3 Nd4 12. Qd1 a6 13. c3 Nf5 14. d3 d5 15. Bh3 Nd6 16. Nc2 Nfe8 17. Ne3 d4 18. cxd4 Bf6 19. Ng4 cxd4 20. Rc1 Nb5 21. Qd2 Nc3 22. Nxf6+ Nxf6 23. Bxc3 dxc3 24. Qe3 Nd5 25. Qe4 g6 26. Bf1 Qd6 27. d4 b5 28. Bd3 Rfd8 29. Red1 Nf6 30. Kf1 Nxe4 0-1

[Event "Zdar nad Sazavou Vysocina op 8th"]
[Site "Zdar nad Sazavou"]
[Date "2011.09.24"]
[Round "1"]
[White "Sykora, Michal"]
[Black "Zavadil, Michal"]
[Result "1-0"]
[WhiteElo "1802"]
[BlackElo "2124"]
[PlyCount "109"]
[EventDate "2011.09.24"]
[EventType "swiss"]
[EventRounds "9"]
[EventCountry "CZE"]
[SourceTitle "CBM 144 Extra"]
[Source "ChessBase"]
[SourceDate "2011.10.28"]
[SourceVersion "1"]
[SourceVersionDate "2011.10.28"]
[SourceQuality "1"]

1. e4 b6 2. d4 Bb7 3. Bd3 Nf6 4. Nc3 e6 5. a3 c5 6. dxc5 bxc5 7. Bg5 Be7 8. Nf3 0-0 9. 0-0 d6 10. Re1 Nc6 11. e5 dxe5 12. Nxe5 Nxe5 13. Rxe5 Qd4 14. Qe2 Rfe8 15. Rd1 h6 16. Bb5 Red8 17. Rxd4 cxd4 18. Ne4 hxg5 19. Nxg5 Bd5 20. Qd1 a6 21. Bd3 Bd6 22. Re1 e5 23. Ne4 Nxe4 24. Bxe4 Bxe4 25. Rxe4 f5 26. Rh4 Be7 27. Rh3 g6 28. Qd3 Rdc8 29. Qg3 Kg7 30. Qxe5+ Bf6 31. Qd5 Ra7 32. c3 dxc3 33. bxc3 Rd8 34. Qb3 Rdd7 35. f4 Rd2 36. Qb8 Re7 37. Qh8+ Kf7 38. Rh7+ Ke6 39. Qg8+ Kd7 40. Rxe7+ Bxe7 41. Qxg6 Bc5+ 42. Kf1 Rf2+ 43. Ke1 Rxf4 44. Qxa6 Re4+ 45. Kd2 Bd6 46. Qb5+ Ke6 47. Qe8+ Kd5 48. Qf7+ Ke5 49. c4 Bxa3 50. Qd5+ Kf4 51. g3+ Kg4 52. c5 Bb2 53. c6 Be5 54. Kd3 Kf3 55. c7 1-0

[Event "Brno Trade op"]
[Site "Brno"]
[Date "2011.08.28"]
[Round "9"]
[White "Zavadil, Michal"]
[Black "Vesely, Jaromir"]
[Result "1/2-1/2"]
[WhiteElo "2109"]
[BlackElo "1979"]
[PlyCount "107"]
[EventDate "2011.08.21"]
[EventType "swiss"]
[EventRounds "9"]
[EventCountry "CZE"]
[SourceTitle "CBM 144 Extra"]
[Source "ChessBase"]
[SourceDate "2011.10.28"]
[SourceVersion "1"]
[SourceVersionDate "2011.10.28"]
[SourceQuality "1"]

1. e4 e6 2. d3 c5 3. Nf3 Nc6 4. g3 d6 5. Bg2 g6 6. 0-0 Bg7 7. c3 Nge7 8. Be3 0-0 9. Qd2 Re8 10. h4 h5 11. d4 b6 12. b4 cxb4 13. cxb4 Bb7 14. a3 d5 15. e5 Ba6 16. Rc1 Bc4 17. Nc3 b5 18. Bf1 a6 19. Bxc4 dxc4 20. Bg5 Qd7 21. Ne4 Nd5 22. Nd6 Reb8 23. Bh6 f6 24. Bxg7 Kxg7 25. Ne4 Rf8 26. Nc5 Qf7 27. exf6+ Qxf6 28. Ng5 Rfe8 29. Re1 c3 30. Qd3 Qf5 31. Ncxe6+ Kg8 32. Qd1 a5 33. bxa5 b4 34. axb4 Ncxb4 35. Re5 c2 36. Qe2 Qd3 37. Qxd3 Nxd3 38. Rxd5 Rab8 39. Rd7 Rb1+ 40. Kh2 Rxe6 41. Rd8+ Kg7 42. Nxe6+ Kf6 43. Rxb1 cxb1Q 44. Nc5 Nxf2 45. Rf8+ Ke7 46. Rxf2 Qa1 47. Nb3 Qc3 48. Re2+ Kf7 49. Rf2+ Kg7 50. Nc5 Qxa5 51. Ne6+ Kh6 52. Ng5 Kg7 53. Rf7+ Kg8 54. Rf2 1/2-1/2